Sociología: teoría y métodos /

Guardat en:
Dades bibliogràfiques
Autor principal: Fernández González, Oscar
Altres autors: comp
Format: Text
Publicat: San José: EDUCA
Etiquetes: Afegir etiqueta
Sense etiquetes, Sigues el primer a etiquetar aquest registre!

MARC

LEADER 00000 a a2200000 04500
001 25917
003
040
020 |a 9977-30-146-9  
090 |a 174300  
100 |a Fernández González, Oscar  
245 |a Sociología: teoría y métodos /  |c Oscar Fernández González 
260 |a San José:   |b EDUCA  
300 |a 265 p  
700 |a comp  
999 |c 1490  |d 1490